Report of the Committee on Roads and Transport on the Commercial Contract agreement between the Government of the Republic of Ghana (Acting through the Ministry of Roads and Highways and Represented by the Ghana Highway Authority) and BNIP-Janson-Adowso Consortium or Netherlands for an amount of Two Hundred Million Euros (€200,000,000.00) for the construction of a Bridge over the Afram River at Adawso - Ekyi Amanfrom, 2021 (Record no. 1709)

MARC details
000 -LEADER
fixed length control field 01045nam a2200157Ia 4500
008 - FIXED-LENGTH DATA ELEMENTS--GENERAL INFORMATION
fixed length control field 240429s9999||||xx |||||||||||||| ||und||
041 ## - LANGUAGE CODE
Language code of text/sound track or separate title eng
082 ## - DEWEY DECIMAL CLASSIFICATION NUMBER
Classification number CR/G&BJA/21
100 ## - MAIN ENTRY--PERSONAL NAME
Personal name Roads &Transport Committee
245 #0 - TITLE STATEMENT
Title Report of the Committee on Roads and Transport on the Commercial Contract agreement between the Government of the Republic of Ghana (Acting through the Ministry of Roads and Highways and Represented by the Ghana Highway Authority) and BNIP-Janson-Adowso Consortium or Netherlands for an amount of Two Hundred Million Euros (€200,000,000.00) for the construction of a Bridge over the Afram River at Adawso - Ekyi Amanfrom, 2021
260 ## - PUBLICATION, DISTRIBUTION, ETC.
Name of publisher, distributor, etc. Parliment of Ghana
Place of publication, distribution, etc. Accra
Date of publication, distribution, etc. 2021
300 ## - PHYSICAL DESCRIPTION
Extent 9p.: tabs
650 ## - SUBJECT ADDED ENTRY--TOPICAL TERM
Topical term or geographic name entry element - Republic of Ghana (Acting through the Ministry of Roads and Highways - BNIP-Janson-Adowso Consortium or Netherlands for an amount of Two Hundred Million Euros (€200,000,00 - for the construction of a Bridge over the Afram River at Adawso - Ekyi Amanfrom, 2021
942 ## - ADDED ENTRY ELEMENTS (KOHA)
Koha item type Committee Reports
Holdings
Withdrawn status Lost status Damaged status Not for loan Home library Current library Shelving location Date acquired Total checkouts Full call number Date last seen Copy number Price effective from Koha item type
        Main Library Main Library Open Shelves 19/09/2022   CR/G&BJA/21 3035 C1 - CR/G&BJA/21 3036 C2 - CR/G&BJA/21 3037 C3 - CR/G&BJA/21 3038 C4 29/04/2024 1 29/04/2024 Committee Reports
©2026  Parliament of Ghana Library - All rights reserved